| 000 | 00814nam a2200241 a 4500 | ||
|---|---|---|---|
| 999 |
_c12086 _d12086 |
||
| 001 | 12086 | ||
| 003 | BD-JhCC | ||
| 005 | 20210314100438.0 | ||
| 008 | 200329s19992020b |||| ||a| 000 0 ben d | ||
| 020 | _a9789840425341 | ||
| 035 | _a(BD-JhCC)12086 | ||
| 040 |
_aBD-JhCC _dBD-JhCC |
||
| 041 | _abengali | ||
| 082 |
_a923.1 _bHAN 2020 |
||
| 100 | _aহাননান,ড. মোহাম্মদ | ||
| 245 |
_aবঙ্গবন্ধু-হত্যার বিচারের ইতিহাস / _cড. মোহাম্মদ হাননান। |
||
| 260 |
_aঢাকা: _bআগামী প্রকাশী; _c২০২০. |
||
| 300 |
_a২৪০ পৃ. : _c২০ সেমি. |
||
| 600 | _aRahaman, shekh Mojibur | ||
| 650 | _aBiography | ||
| 942 |
_2ddc _cBK |
||